Normal view
MARC view
- Coote, Dave
Entry Personal Name
001 - CONTROL NUMBER
- control field: 120821
003 - CONTROL NUMBER IDENTIFIER
- control field: NUST
005 - DATE AND TIME OF LATEST TRANSACTION
- control field: 20240220130451.0
008 - FIXED-LENGTH DATA ELEMENTS
- fixed length control field: 240220|| aca||aabn | a|a d
040 ## - CATALOGING SOURCE
- Original cataloging agency: NUST
- Transcribing agency: NUST
100 ## - HEADING--PERSONAL NAME
- Personal name: Coote, Dave
670 ## - SOURCE DATA FOUND
- Source citation: Work cat.: (NUST): Bartlett, Atlanta. 120817, Pale & interesting :, 2011.
